| 000 | 006830000a22002050004500 | ||
|---|---|---|---|
| 020 | _a84-7151-539-3 | ||
| 082 | 0 | 4 | _aG 266 M67834m |
| 245 | 1 | 0 | _aLa misionología hoy : Obras misionales pontificias de España |
| 260 | _aEstella, Navarra : Verbo Divino | ||
| 300 | _a599 p. | ||
| 440 | 0 | _aCol. Misión sin Fronteras ; no.5 | |
| 501 | _aRústico | ||
| 505 | 0 | 0 | _aMisionología y teología -- Teología de la misión -- Nueva época de la misión de la Iglesia |
| 650 | 1 | 4 | _aMISIONOLOGIA EVANGELICA \ MISION CRISTIANA - TEOLOGIA |
| 001 | 18080 | ||
| 942 | _cBK | ||
| 999 |
_c44568 _d44568 |
||
| 336 |
_atexto _btxt _2rdacontent |
||
| 337 |
_2rdamedia _asin mediación _bn |
||
| 338 |
_2rdacarrier _avolumen _bnc |
||